000 00273nam a2200109Ia 4500
999 _c8566
_d8566
020 _a978-0130307545
100 _aAlbert Lulushi
245 0 _aOracle Forms Developer's Handbook Oracle Forms 6i
260 _aNew Jersey
_bWorld Scientific
_c2002
300 _a567
942 _cBK